LDR 01187naa#a2200217#i#450# 001 RU\\bibl\126611 005 20260702174235.4 011 ## _a2222-7962 100 ## _a20260628b2026####ek#y0rusy0150####ca 102 ## _aRU 200 1# _aМоделирование процесса образования колеи при последовательном взаимодействии колес форвардера с твердыми препятствиями на трелевочном волоке с учетом влажности почвогрунта _eЖурнальная статья 210 1# _aВоронеж _cВоронежский государственный лесотехнический университет имени Г.Ф. Морозова _d2026 215 ## _a12 с. 608 ## _aЖурнальная статья _2local 675 ## _aЛесное хозяйство. Лесоводство. 630 _z 700 #1 _aШапиро _gВладимир Яковлевич 700 #1 _aГригорьев _gИ. В. 700 #1 _aСибиряткин _gЕ. В. 700 #1 _aТихонов _gЕ. А. 700 #1 _aПерфильев _gПавел Николаевич 856 4# _anaukaru.ru _u